[Event "Aegean op 45th"]
[Site "Aghios Kirykos"]
[Date "2022.07.09"]
[Round "1"]
[White "Gazis, Efstathios"]
[Black "Stavropoulos, Petros"]
[Result "1-0"]
[WhiteElo "2160"]
[BlackElo "1677"]
[PlyCount "91"]
[EventDate "2022.07.09"]
[EventType "swiss"]
[EventRounds "9"]
[EventCountry "GRE"]
[SourceTitle "CBM 209 Extra"]
[Source "ChessBase"]
[SourceDate "2022.09.30"]
[SourceVersion "1"]
[SourceVersionDate "2022.09.30"]
[SourceQuality "1"]

1. e4 c5 2. Nf3 Nc6 3. Nc3 e6 4. d4 cxd4 5. Nxd4 Qc7 6. f4 a6 7. Be3 b5 8. a3 Bb7 9. Be2 Rc8 10. Nb3 Na5 11. Nxa5 Qxa5 12. 0-0 Nf6 13. e5 Ne4 14. Nxe4 Bxe4 15. Bd3 Bb7 16. f5 Qc7 17. Bf4 Bc5+ 18. Kh1 Bd4 19. Qg4 Bxe5 20. Rae1 Bxf4 21. Rxf4 g6 22. Qh4 Qd8 23. Qh6 gxf5 24. Qg7 Ke7 25. Rxf5 Qg8 26. Qf6+ Ke8 27. Rg5 Qf8 28. Rf1 Rg8 29. Bxh7 Rxg5 30. Qxg5 Rc5 31. Qg3 Qh6 32. Bd3 Bc6 33. Qf2 Qh5 34. Be2 Qf5 35. Qxf5 exf5 36. c3 Be4 37. h4 d5 38. Rd1 Rc6 39. Kh2 f4 40. Rf1 Rh6 41. Rxf4 f5 42. h5 d4 43. cxd4 Rd6 44. Bf3 Rxd4 45. Bxe4 fxe4 46. h6 1-0

[Event "Sparta ESPPEP-ch op 13th"]
[Site "Sparta"]
[Date "2017.04.02"]
[Round "5.2"]
[White "Stavropoulos, Petros"]
[Black "Kormas, Georgios"]
[Result "1/2-1/2"]
[WhiteElo "1683"]
[BlackElo "1555"]
[PlyCount "99"]
[EventDate "2017.03.31"]
[EventType "swiss"]
[EventRounds "5"]
[EventCountry "GRE"]
[SourceTitle "EXT 2024"]
[Source "ChessBase"]
[SourceDate "2023.10.10"]
[SourceVersion "1"]
[SourceVersionDate "2023.10.10"]
[SourceQuality "1"]

1. c4 Nf6 2. Nc3 e6 3. g3 d5 4. cxd5 exd5 5. d4 Be7 6. Bg2 0-0 7. Qc2 Re8 8. Nf3 c6 9. 0-0 Nbd7 10. a3 b6 11. b4 Ba6 12. Re1 Bf8 13. Bg5 h6 14. Bxf6 Nxf6 15. Ne5 Qd6 16. e4 c5 17. bxc5 bxc5 18. Nxd5 Nxd5 19. exd5 cxd4 20. Qf5 Re7 21. Rac1 g6 22. Qf4 Rc8 23. Nc6 Rxe1+ 24. Rxe1 Qxf4 25. gxf4 Rc7 26. Nxd4 Bxa3 27. Nc6 Bb5 28. Ra1 Bc5 29. Ra5 a6 30. Ra1 Bd6 31. Rd1 Bxc6 32. dxc6 Bxf4 33. h4 a5 34. Rd4 Be5 35. Rd5 Bc3 36. Rc5 Bb4 37. Rb5 Kg7 38. Kf1 Kf6 39. Ke2 Ra7 40. Kd3 Bd6 41. Rb7 Rxb7 42. cxb7 a4 43. Bd5 a3 44. Ba2 Kf5 45. Bxf7 Kg4 46. Kc2 Kxh4 47. Bxg6 Kg4 48. Kb3 Kf3 49. b8Q Bxb8 50. Kxa3 1/2-1/2

[Event "GRE ESSPEP-ch 12th"]
[Site "Kalamata"]
[Date "2016.04.27"]
[Round "4"]
[White "Drousias, Ioannis"]
[Black "Stavropoulos, Petros"]
[Result "1-0"]
[WhiteElo "1460"]
[BlackElo "1679"]
[PlyCount "65"]
[EventDate "2016.04.25"]
[EventType "swiss"]
[EventRounds "5"]
[EventCountry "GRE"]
[SourceTitle "EXT 2024"]
[Source "ChessBase"]
[SourceDate "2023.10.10"]
[SourceVersion "1"]
[SourceVersionDate "2023.10.10"]
[SourceQuality "1"]

1. d4 Nf6 2. Nf3 g6 3. g3 Bg7 4. Bg2 0-0 5. c4 d6 6. Nc3 Nc6 7. 0-0 e5 8. dxe5 dxe5 9. Bg5 Qxd1 10. Rfxd1 Ne8 11. Nd5 f6 12. Be3 h6 13. Bc5 Rf7 14. Nb4 Nxb4 15. Bxb4 Be6 16. b3 f5 17. Rac1 f4 18. Bc3 e4 19. Ne5 Bxe5 20. Bxe5 f3 21. exf3 exf3 22. Bf1 Nf6 23. Rc3 Ng4 24. Bf4 g5 25. Bc1 Bd7 26. Rcd3 Bc6 27. Bh3 Ne5 28. Re3 Re7 29. Rde1 Rae8 30. Ba3 Nd3 31. Bxe7 Nxe1 32. Rxe1 a5 33. Kf1 1-0

[Event "Paleochora op 8th"]
[Site "Paleochora"]
[Date "2015.07.17"]
[Round "1"]
[White "Stavropoulos, Petros"]
[Black "Colovic, Aleksandar"]
[Result "0-1"]
[WhiteElo "1685"]
[BlackElo "2458"]
[PlyCount "54"]
[EventDate "2015.07.17"]
[EventType "swiss"]
[EventRounds "9"]
[EventCountry "GRE"]
[SourceTitle "CBM 167 Extra"]
[Source "ChessBase"]
[SourceDate "2015.09.14"]
[SourceVersion "1"]
[SourceVersionDate "2015.09.14"]
[SourceQuality "1"]

1. d4 Nf6 2. c4 e6 3. Nf3 c5 4. Nc3 cxd4 5. Nxd4 Bb4 6. Bd2 Nc6 7. Nc2 Be7 8. e4 0-0 9. Be2 b6 10. 0-0 Bb7 11. Bf4 d6 12. f3 Ne5 13. Rc1 Rc8 14. Na3 Re8 15. Qd2 Ng6 16. Be3 Bf8 17. Rfd1 d5 18. cxd5 exd5 19. Bb5 Re5 20. Nc4 Rh5 21. g4 Rh4 22. e5 Qc7 23. exf6 dxc4 24. Ne4 Ne5 25. Kh1 Nxf3 26. Bf4 Nxd2 27. Bxc7 Bxe4+ 0-1

[Event "GRE ESSPEP-ch"]
[Site "Peloponnisos"]
[Date "2014.03.21"]
[Round "1"]
[White "Kalogerakos, Stamatis"]
[Black "Stavropoulos, Petros"]
[Result "1-0"]
[WhiteElo "1795"]
[BlackElo "1795"]
[PlyCount "125"]
[EventDate "2014.03.21"]
[EventType "swiss"]
[EventRounds "5"]
[EventCountry "GRE"]
[SourceTitle "EXT 2024"]
[Source "ChessBase"]
[SourceDate "2023.10.10"]
[SourceVersion "1"]
[SourceVersionDate "2023.10.10"]
[SourceQuality "1"]

1. d4 Nf6 2. c4 g6 3. Nc3 Bg7 4. e4 d6 5. Nf3 0-0 6. Be2 e5 7. 0-0 Na6 8. Be3 Ng4 9. Bg5 f6 10. Bd2 f5 11. Bg5 Qe8 12. h3 Nf6 13. dxe5 dxe5 14. Bxf6 Bxf6 15. Qd5+ Kh8 16. c5 Nb4 17. Qc4 Nc6 18. Nd5 Qf7 19. Nxf6 Qxf6 20. Rfd1 Be6 21. Qc2 Rae8 22. a3 g5 23. Bb5 g4 24. Bxc6 bxc6 25. hxg4 fxg4 26. Nh2 Qf4 27. g3 Qg5 28. Qd2 Qg6 29. Qe2 Rf6 30. Rd2 Ref8 31. Qe1 Qf7 32. Rad1 Rh6 33. Qf1 Bc4 34. Qg2 Be6 35. Rd8 Rf6 36. Rxf8+ Qxf8 37. b4 Qg8 38. Nf1 Rf3 39. Ne3 Qg6 40. Qf1 Qxe4 41. Qd3 Qd4 42. Qxd4 exd4 43. Rxd4 h5 44. Rd8+ Kg7 45. Re8 Kf7 46. Ra8 h4 47. gxh4 g3 48. Kg2 Rxf2+ 49. Kxg3 Re2 50. Kf3 Rh2 51. Rxa7 Rxh4 52. Rxc7+ Ke8 53. Rxc6 Rh3+ 54. Kf4 Rh4+ 55. Kg5 Re4 56. Nd1 Rg4+ 57. Kf6 Bb3 58. Nc3 Rf4+ 59. Ke5 Rf3 60. Nd5 Ba4 61. Rc8+ Kd7 62. Nb6+ Ke7 63. Nxa4 1-0